The All England law reports 1988 (vol. 2): (Record no. 4244)

MARC details
000 -LEADER
fixed length control field 00512nam a22001697a 4500
008 - FIXED-LENGTH DATA ELEMENTS--GENERAL INFORMATION
fixed length control field 140904b xxu||||| |||| 00| 0 eng d
020 ## - INTERNATIONAL STANDARD BOOK NUMBER
International Standard Book Number 0406851654
050 ## - LIBRARY OF CONGRESS CALL NUMBER
Classification number KD288.A64(1988 vol. 2)
245 ## - TITLE STATEMENT
Title The All England law reports 1988 (vol. 2):
Statement of responsibility, etc. edited by Peter Hutchesson and assisted by Brook Watson
260 ## - PUBLICATION, DISTRIBUTION, ETC.
Place of publication, distribution, etc. London:
Name of publisher, distributor, etc. Butterworth,
Date of publication, distribution, etc. 1988.
300 ## - PHYSICAL DESCRIPTION
Extent xvi, 1024p.:
Dimensions 25cm.
440 ## - SERIES STATEMENT/ADDED ENTRY--TITLE
Volume/sequential designation Vol. 2
500 ## - GENERAL NOTE
General note Includes index
700 ## - ADDED ENTRY--PERSONAL NAME
Personal name Hutchesson, Peter
700 ## - ADDED ENTRY--PERSONAL NAME
Personal name Watson, Brook
942 ## - ADDED ENTRY ELEMENTS (KOHA)
Source of classification or shelving scheme Library of Congress Classification
Koha item type Books
Holdings
Withdrawn status Lost status Source of classification or shelving scheme Damaged status Not for loan Home library Current library Shelving location Date acquired Total Checkouts Full call number Barcode Date last seen Price effective from Koha item type
    Library of Congress Classification     WISCONSIN INTERNATIONAL UNIVERSITY COLLEGE, GHANA - MAIN LIBRARY WISCONSIN INTERNATIONAL UNIVERSITY COLLEGE, GHANA - MAIN LIBRARY Law Library 04/09/2014   KD288.A64(1988 vol. 2) 2229/1226 04/09/2014 04/09/2014 Books

If you have any concerns or questions; kindly contact the library


© Powered by WIUC ICT DIRECTORATE